Should public pensions be funded?

Enregistré dans:
Détails bibliographiques
Auteur principal: Hemming, Richard
Format: Livre
Langue:anglais
Publié: Washington IMF 1998
Collection:IMF Working Paper 35
Sujets:
Tags: Ajouter un tag
Pas de tags, Soyez le premier à ajouter un tag!

MARC

LEADER 00000nam a2200000 4500
001 c106269
005 20221221083602.3
041 0 |a eng 
044 |a US 
245 1 0 |a Should public pensions be funded?  |c Prepared by Richard Hemming 
264 1 |a Washington  |b IMF  |c 1998 
300 |a 35 s. 
490 1 |a IMF Working Paper  |v 35 
830 0 |a IMF Working Paper  |v 35 
610 2 0 |a dôchodky starobné 
610 2 0 |a populácia 
610 2 0 |a poistenie dôchodkové 
610 2 0 |a porovnanie štatistické medzinárodné 
610 2 0 |a zabezpečenie dôchodkové 
610 2 0 |a dotácie 
610 2 0 |a dôchodcovia 
610 2 0 |a dôchodok národný 
610 2 0 |a politika dôchodková 
100 1 |a Hemming, Richard